[Event "M5 Gruppe 2 "]
[Site "Koge"]
[Date "2005.??.??"]
[Round "1"]
[White "Jacobsen, Hans Endrup"]
[Black "Olesen, Michael Jacob"]
[Result "0-1"]
[WhiteElo "1905"]
[BlackElo "1938"]
[PlyCount "72"]
[EventDate "2005.??.??"]
[EventType "swiss"]
[EventRounds "5"]
[EventCountry "DEN"]

1. e4 c5 2. Nc3 Nc6 3. f4 e6 4. Nf3 Nf6 5. d3 d5 6. e5 Nd7 7. g3 Be7 8. Bh3 O-O
9. O-O a6 10. a4 Rb8 11. Bd2 b5 12. axb5 axb5 13. Ne2 Qb6 14. c3 d4 15. Qc1 Bb7
16. Rf2 Rfd8 17. g4 Rbc8 18. Ng3 dxc3 19. bxc3 b4 20. Qe1 Ba6 21. c4 Ra8 22.
Be3 Bb7 23. Ne4 Nd4 24. Bxd4 cxd4 25. Rb2 Bxe4 26. dxe4 Rxa1 27. Qxa1 Nc5 28.
Qb1 Na4 29. Rf2 d3 30. Kg2 Qe3 31. Nd2 Nc3 32. Qa1 Nxe4 33. Nxe4 Qxe4+ 34. Kg3
d2 35. Rf1 Rd3+ 36. Kf2 Bc5+ 0-1

[Event "M5 Gruppe 2 "]
[Site "Koge"]
[Date "2005.??.??"]
[Round "1"]
[White "Petersen, Per"]
[Black "Nielsen, Per"]
[Result "0-1"]
[WhiteElo "1932"]
[BlackElo "1911"]
[PlyCount "116"]
[EventDate "2005.??.??"]
[EventType "swiss"]
[EventRounds "5"]
[EventCountry "DEN"]

1. c4 Nf6 2. Nc3 g6 3. e4 d6 4. d4 Bg7 5. Nf3 O-O 6. Be2 c5 7. dxc5 dxc5 8. Be3
Qa5 9. O-O Rd8 10. Qc2 Nc6 11. Rad1 Bg4 12. Nd5 Nxd5 13. cxd5 Bxf3 14. dxc6
Bxe2 15. Qxe2 bxc6 16. Qc4 Bd4 17. Bxd4 cxd4 18. Qxc6 Rab8 19. Qc2 Qxa2 20. Ra1
Qxb2 21. Qc7 Qb7 22. Rxa7 Qxc7 23. Rxc7 Kf8 24. Rc2 Rb7 25. Rd2 f6 26. Rd3 g5
27. f4 Kg7 28. fxg5 fxg5 29. Rf5 Kg6 30. Rg3 h6 31. Rd3 Rb2 32. g4 e6 33. Rf2
Rxf2 34. Kxf2 Kf6 35. Rh3 Rh8 36. Ke2 Ke5 37. Kd3 Kf4 38. Kxd4 Kxg4 39. Ra3 Kf4
40. Ra6 e5+ 41. Kd3 Rd8+ 42. Ke2 h5 43. Rf6+ Kxe4 44. h4 gxh4 45. Rh6 Rg8 46.
Rxh5 Rg4 47. Rh8 Kf4 48. Kf2 Kf5 49. Rh5+ Ke4 50. Ke2 Rf4 51. Rh8 Kf5 52. Rh5+
Kg4 53. Rxe5 h3 54. Re8 h2 55. Ke3 Rf3+ 56. Ke4 Rf5 57. Rg8+ Rg5 58. Rh8 Kg3
0-1

[Event "M5 Gruppe 2 "]
[Site "Koge"]
[Date "2005.??.??"]
[Round "1"]
[White "Risager, Jakob Koba"]
[Black "Hansen, Morten Lyck"]
[Result "1-0"]
[WhiteElo "1939"]
[BlackElo "1923"]
[PlyCount "33"]
[EventDate "2005.??.??"]
[EventType "swiss"]
[EventRounds "5"]
[EventCountry "DEN"]

1. e4 e5 2. Bc4 Nf6 3. d4 exd4 4. Nf3 Nxe4 5. Qxd4 Nf6 6. Bg5 Be7 7. Nc3 O-O 8.
O-O-O Nc6 9. Qh4 d6 10. Bd3 h6 11. Bxh6 Ng4 12. Bg5 g6 13. Bxe7 Qxe7 14. Ng5 f5
15. Bc4+ Kg7 16. Qh7+ Kf6 17. Nd5+ 1-0

[Event "M5 Gruppe 2 "]
[Site "Koge"]
[Date "2005.??.??"]
[Round "1"]
[White "Moller, Henning"]
[Black "Andersen, Niels Erik"]
[Result "1/2-1/2"]
[WhiteElo "1922"]
[BlackElo "1904"]
[PlyCount "65"]
[EventDate "2005.??.??"]
[EventType "swiss"]
[EventRounds "5"]
[EventCountry "DEN"]

1. d4 Nf6 2. c4 g6 3. Nc3 d5 4. Bf4 Bg7 5. e3 O-O 6. Rc1 c6 7. Nf3 Bg4 8. Qb3
Qb6 9. Qxb6 axb6 10. cxd5 Bxf3 11. gxf3 Nxd5 12. Nxd5 cxd5 13. a3 Nc6 14. Bb5
Rac8 15. O-O Rfe8 16. Rfd1 Red8 17. Rc2 Na7 18. Rxc8 Rxc8 19. Ba4 b5 20. Bb3 e6
21. Bd6 Bf8 22. Bxf8 Kxf8 23. Kf1 Ke7 24. Ke2 Nc6 25. Kd2 Na5 26. Ba2 Nc4+ 27.
Bxc4 bxc4 28. h4 h5 29. Ra1 Rc6 30. Kc3 Rb6 31. Kc2 Rb3 32. Rg1 Rb6 33. Kc3
1/2-1/2

[Event "M5 Gruppe 2 "]
[Site "Koge"]
[Date "2005.??.??"]
[Round "1"]
[White "Sorensen, Torben Kyhl"]
[Black "Ertbjerg, Per"]
[Result "1-0"]
[WhiteElo "1902"]
[BlackElo "1950"]
[PlyCount "47"]
[EventDate "2005.??.??"]
[EventType "swiss"]
[EventRounds "5"]
[EventCountry "DEN"]

1. e4 c5 2. d4 cxd4 3. c3 dxc3 4. Nxc3 Nc6 5. Nf3 e6 6. Bc4 Bc5 7. O-O Nge7 8.
Bf4 a6 9. a4 O-O 10. Qd2 Qb6 11. Rad1 Rd8 12. Ba2 d6 13. Bg5 Bd7 14. h4 Be8 15.
h5 Rd7 16. h6 Ne5 17. hxg7 Nxf3+ 18. gxf3 Nc6 19. Bf6 Ne5 20. Kg2 Rc7 21. Rh1
Nd7 22. Rxh7 Nxf6 23. Rh8+ Kxg7 24. Qh6# 1-0

[Event "M5 Gruppe 2 "]
[Site "Koge"]
[Date "2005.??.??"]
[Round "2"]
[White "Hansen, Morten Lyck"]
[Black "Andersen, Niels Erik"]
[Result "1-0"]
[WhiteElo "1923"]
[BlackElo "1904"]
[PlyCount "83"]
[EventDate "2005.??.??"]
[EventType "swiss"]
[EventRounds "5"]
[EventCountry "DEN"]

1. e4 c5 2. Nf3 d6 3. c3 Nf6 4. h3 Nc6 5. Bd3 g6 6. O-O Bg7 7. Bc2 O-O 8. Re1
Qc7 9. a3 b5 10. d4 e5 11. d5 Ne7 12. a4 b4 13. cxb4 cxb4 14. Bg5 a5 15. Bd3
Ne8 16. Nbd2 f6 17. Be3 Bd7 18. Rc1 Qb7 19. Nc4 Nc8 20. Nfd2 f5 21. f3 f4 22.
Bf2 Bf6 23. b3 Bd8 24. Qe2 g5 25. Rc2 Rf6 26. Rec1 h5 27. Nf1 Rg6 28. Nh2 Nf6
29. Kh1 g4 30. fxg4 hxg4 31. Bh4 Nh5 32. Be1 f3 33. gxf3 Nf4 34. Qf1 g3 35. Ng4
Bxg4 36. fxg4 Bh4 37. Nxa5 Qb6 38. Rxc8+ Rxc8 39. Rxc8+ Kh7 40. Bxg3 Bxg3 41.
Nc4 Rh6 42. Nxb6 1-0

[Event "M5 Gruppe 2 "]
[Site "Koge"]
[Date "2005.??.??"]
[Round "2"]
[White "Olesen, Michael Jacob"]
[Black "Nielsen, Per"]
[Result "1-0"]
[WhiteElo "1938"]
[BlackElo "1911"]
[PlyCount "73"]
[EventDate "2005.??.??"]
[EventType "swiss"]
[EventRounds "5"]
[EventCountry "DEN"]

1. Nf3 Nf6 2. d4 g6 3. c4 Bg7 4. g3 c5 5. Bg2 O-O 6. O-O cxd4 7. Nxd4 Nc6 8.
Nc3 Nxd4 9. Qxd4 d6 10. Qd3 a6 11. Rd1 Nd7 12. Nd5 Ne5 13. Qb3 Rb8 14. Bg5 Re8
15. c5 h6 16. Bf4 Be6 17. cxd6 exd6 18. Qb4 b5 19. Nc3 Bf8 20. Qd4 Nc4 21. Rab1
Bg7 22. Qd3 Qb6 23. b3 Na3 24. Rbc1 Rbd8 25. Nd5 Qb8 26. Nc7 Re7 27. Nxa6 Qa7
28. Nb4 Bd7 29. Be3 Rxe3 30. Qxe3 Qxe3 31. fxe3 Bg4 32. Kf2 h5 33. Rc6 Bf8 34.
Ra6 d5 35. Nxd5 Nc2 36. Nf6+ Kg7 37. Rxd8 1-0

[Event "M5 Gruppe 2 "]
[Site "Koge"]
[Date "2005.??.??"]
[Round "2"]
[White "Sorensen, Torben Kyhl"]
[Black "Risager, Jakob Koba"]
[Result "1-0"]
[WhiteElo "1902"]
[BlackElo "1939"]
[PlyCount "101"]
[EventDate "2005.??.??"]
[EventType "swiss"]
[EventRounds "5"]
[EventCountry "DEN"]

1. e4 e5 2. Nf3 Nc6 3. Bc4 Nf6 4. Ng5 d5 5. exd5 Na5 6. Bb5+ c6 7. dxc6 bxc6 8.
Be2 h6 9. Nf3 e4 10. Ne5 Bc5 11. c3 Qc7 12. d4 exd3 13. Nxd3 Bd6 14. h3 O-O 15.
O-O Bf5 16. Nd2 Rfe8 17. Nf3 c5 18. b4 Nb7 19. Be3 Rad8 20. Qa4 Nd5 21. bxc5
Nxc3 22. cxd6 Nxd6 23. Qc2 Ndb5 24. Rfd1 Na3 25. Qb2 Nxd1 26. Rxd1 Qa5 27. Qb4
Qxb4 28. Nxb4 Nc2 29. Nxc2 Bxc2 30. Rxd8 Rxd8 31. Bc4 Be4 32. Bxa7 Bd5 33. Bb6
Bxc4 34. Bxd8 Bxa2 35. Kh2 g6 36. Kg3 Kg7 37. h4 h5 38. Kf4 Be6 39. g3 Bb3 40.
Kg5 Bd5 41. Nd4 Bc4 42. Bf6+ Kf8 43. Be5 Bd5 44. Kf6 Bc4 45. Bd6+ Kg8 46. Ke7
Bd5 47. Nb5 Be6 48. Nc7 Bc4 49. Ne8 Be6 50. Be5 Kh7 51. Kf8 1-0

[Event "M5 Gruppe 2 "]
[Site "Koge"]
[Date "2005.??.??"]
[Round "2"]
[White "Jacobsen, Hans Endrup"]
[Black "Petersen, Per"]
[Result "0-1"]
[WhiteElo "1905"]
[BlackElo "1932"]
[PlyCount "92"]
[EventDate "2005.??.??"]
[EventType "swiss"]
[EventRounds "5"]
[EventCountry "DEN"]

1. e4 c5 2. Nc3 d6 3. f4 Nf6 4. Nf3 g6 5. Bb5+ Bd7 6. Bxd7+ Qxd7 7. O-O Bg7 8.
d3 O-O 9. Ne2 Nc6 10. c3 b5 11. Ng3 e5 12. h3 b4 13. Be3 exf4 14. Bxf4 Ne8 15.
Qd2 bxc3 16. bxc3 Nc7 17. Rac1 Ne6 18. Bh6 Ne5 19. Bxg7 Kxg7 20. d4 Nxf3+ 21.
Rxf3 h6 22. dxc5 Nxc5 23. Qd4+ f6 24. Rcf1 Qe7 25. h4 h5 26. Rd1 Rad8 27. Qc4
Qf7 28. Rd5 Rde8 29. Qd4 Nb7 30. c4 Re7 31. Qe3 Re5 32. Qxa7 Rc8 33. Qd4 Rc5
34. Ra3 Rexd5 35. exd5 Rc7 36. Ne4 Re7 37. Rf3 Re5 38. a4 f5 39. Ng5 Qf6 40.
Ne6+ Rxe6 41. Qb6 Re7 42. Rf1 Qxh4 43. a5 Qxc4 44. a6 Qc5+ 45. Qxc5 Nxc5 46.
Ra1 Ra7 0-1

[Event "M5 Gruppe 2 "]
[Site "Koge"]
[Date "2005.??.??"]
[Round "2"]
[White "Ertbjerg, Per"]
[Black "Moller, Henning"]
[Result "0-1"]
[WhiteElo "1922"]
[BlackElo "1922"]
[PlyCount "72"]
[EventDate "2005.??.??"]
[EventType "swiss"]
[EventRounds "5"]
[EventCountry "DEN"]

1. d4 Nf6 2. c4 c5 3. e3 g6 4. Nc3 Bg7 5. Nf3 O-O 6. Be2 b6 7. O-O Bb7 8. d5 e6
9. e4 exd5 10. cxd5 d6 11. Bg5 h6 12. Bh4 Re8 13. Nd2 a6 14. a4 Qc7 15. Qc2
Nbd7 16. f4 Nxd5 17. Nxd5 Bxd5 18. Rae1 Bc6 19. Bg3 b5 20. b3 Re7 21. f5 Be5
22. fxg6 fxg6 23. Bh4 Rf7 24. Rxf7 Kxf7 25. Nf3 Kg7 26. Nxe5 Nxe5 27. Bg3 Qe7
28. Rd1 Re8 29. Qd2 bxa4 30. Bxa6 axb3 31. Qb2 Qe6 32. Bc4 Qxc4 33. Rxd6 Qxe4
34. Rxc6 Qxc6 35. Bxe5+ Kh7 36. Qxb3 Qe6 0-1

[Event "M5 Gruppe 2 "]
[Site "Koge"]
[Date "2005.??.??"]
[Round "3"]
[White "Risager, Jakob Koba"]
[Black "Moller, Henning"]
[Result "1/2-1/2"]
[WhiteElo "1939"]
[BlackElo "1922"]
[PlyCount "30"]
[EventDate "2005.??.??"]
[EventType "swiss"]
[EventRounds "5"]
[EventCountry "DEN"]

1. e4 e6 2. d4 d5 3. Nd2 dxe4 4. Nxe4 Bd7 5. Nf3 Bc6 6. Bd3 Nd7 7. Qe2 Ngf6 8.
Bg5 Be7 9. O-O-O Nxe4 10. Bxe7 Nc3 11. Bxd8 Nxe2+ 12. Bxe2 Rxd8 13. Rhe1 O-O
14. g3 Rfe8 15. c3 Bxf3 1/2-1/2

[Event "M5 Gruppe 2 "]
[Site "Koge"]
[Date "2005.??.??"]
[Round "3"]
[White "Andersen, Niels Erik"]
[Black "Petersen, Per"]
[Result "1/2-1/2"]
[WhiteElo "1904"]
[BlackElo "1932"]
[PlyCount "34"]
[EventDate "2005.??.??"]
[EventType "swiss"]
[EventRounds "5"]
[EventCountry "DEN"]

1. d4 Nf6 2. c4 e6 3. Nc3 Bb4 4. Qc2 c5 5. dxc5 Na6 6. a3 Bxc3+ 7. Qxc3 Nxc5 8.
e3 O-O 9. Ne2 d5 10. Ng3 b6 11. Be2 Bb7 12. O-O Rc8 13. Rd1 Qe7 14. b4 Nce4 15.
Qb3 Nxg3 16. hxg3 dxc4 17. Bxc4 Bd5 1/2-1/2

[Event "M5 Gruppe 2 "]
[Site "Koge"]
[Date "2005.??.??"]
[Round "3"]
[White "Olesen, Michael Jacob"]
[Black "Sorensen, Torben Kyhl"]
[Result "0-1"]
[WhiteElo "1938"]
[BlackElo "1902"]
[PlyCount "50"]
[EventDate "2005.??.??"]
[EventType "swiss"]
[EventRounds "5"]
[EventCountry "DEN"]

1. Nf3 Nf6 2. g3 g6 3. Bg2 Bg7 4. O-O O-O 5. d4 d5 6. c4 dxc4 7. Qc2 c6 8. Qxc4
Bf5 9. Qb4 Qb6 10. Qxb6 axb6 11. Nc3 Nbd7 12. Rd1 b5 13. Nh4 Bc2 14. Rd2 Bb3
15. a3 b4 16. Ne4 Nxe4 17. Bxe4 e5 18. Nf3 f5 19. Bc2 Bxc2 20. Rxc2 exd4 21.
Nxd4 Bxd4 22. Rd2 Nc5 23. Rxd4 Nb3 24. Rd1 Nxa1 25. Bh6 Nc2 0-1

[Event "M5 Gruppe 2 "]
[Site "Koge"]
[Date "2005.??.??"]
[Round "3"]
[White "Ertbjerg, Per"]
[Black "Jacobsen, Hans Endrup"]
[Result "1/2-1/2"]
[WhiteElo "1950"]
[BlackElo "1905"]
[PlyCount "61"]
[EventDate "2005.??.??"]
[EventType "swiss"]
[EventRounds "5"]
[EventCountry "DEN"]

1. d4 Nf6 2. c4 e6 3. Nf3 Bb4+ 4. Bd2 Qe7 5. a3 Bxd2+ 6. Nbxd2 d6 7. e3 O-O 8.
Be2 e5 9. dxe5 dxe5 10. O-O e4 11. Nd4 c5 12. Nb5 Nc6 13. Qc2 Bf5 14. Rfd1 Rad8
15. Nf1 a6 16. Nc3 Ne5 17. Ng3 Bg6 18. Nd5 Nxd5 19. cxd5 f5 20. Rac1 Nd3 21.
Bxd3 exd3 22. Qxc5 Qxc5 23. Rxc5 f4 24. exf4 Rxf4 25. Nf1 b6 26. Rc6 Rxd5 27.
Rxb6 a5 28. Rd2 Rc5 29. f3 Rfc4 30. Kf2 Rc2 31. b4 1/2-1/2

[Event "M5 Gruppe 2 "]
[Site "Koge"]
[Date "2005.??.??"]
[Round "3"]
[White "Nielsen, Per"]
[Black "Hansen, Morten Lyck"]
[Result "1-0"]
[WhiteElo "1911"]
[BlackElo "1923"]
[PlyCount "77"]
[EventDate "2005.??.??"]
[EventType "swiss"]
[EventRounds "5"]
[EventCountry "DEN"]

1. d4 Nf6 2. c4 g6 3. Nc3 d5 4. cxd5 Nxd5 5. e4 Nxc3 6. bxc3 Bg7 7. Nf3 O-O 8.
Rb1 c5 9. Be2 Nc6 10. d5 Bxc3+ 11. Bd2 Bxd2+ 12. Qxd2 Nd4 13. Nxd4 cxd4 14.
Qxd4 Qa5+ 15. Qd2 Qd8 16. h4 Qd6 17. h5 Qf6 18. Rb3 a6 19. Qh6 Qg7 20. Qg5 f6
21. Qd2 b5 22. hxg6 hxg6 23. Rg3 Bd7 24. f4 Kf7 25. Rxg6 Qxg6 26. Bh5 Qxh5 27.
Rxh5 Rh8 28. Rxh8 Rxh8 29. Kf2 Rc8 30. e5 Bf5 31. e6+ Kg7 32. Qa5 Be4 33. Qb4
Bxd5 34. Qxe7+ Kg6 35. g4 Rc2+ 36. Ke3 Rxa2 37. Qf7+ Kh6 38. Qxf6+ Kh7 39. Qf5+
1-0

[Event "M5 Gruppe 2 "]
[Site "Koge"]
[Date "2005.??.??"]
[Round "4"]
[White "Hansen, Morten Lyck"]
[Black "Jacobsen, Hans Endrup"]
[Result "1-0"]
[WhiteElo "1923"]
[BlackElo "1905"]
[PlyCount "115"]
[EventDate "2005.??.??"]
[EventType "swiss"]
[EventRounds "5"]
[EventCountry "DEN"]

1. e4 c5 2. Nf3 d6 3. c3 Nf6 4. h3 Nc6 5. Bd3 e5 6. O-O Be7 7. Bc2 O-O 8. d4
Qc7 9. d5 Nb8 10. Re1 b5 11. a4 bxa4 12. Nbd2 Nfd7 13. Rxa4 Nb6 14. Ra1 f5 15.
exf5 Bxf5 16. Bxf5 Rxf5 17. c4 N8d7 18. Qc2 Raf8 19. Ne4 h6 20. Ra3 R5f7 21.
Bd2 Nf6 22. Rea1 Ra8 23. b3 Nxe4 24. Qxe4 Nd7 25. Qe2 Bf6 26. R1a2 Nf8 27. Ba5
Qb7 28. Qe4 g6 29. Bd2 Bg7 30. Qh4 Qe7 31. Qxe7 Rxe7 32. b4 e4 33. Ne1 Bd4 34.
b5 Rb7 35. Nc2 Bg7 36. Ra6 Be5 37. b6 Nd7 38. Rxa7 Rab8 39. Rxb7 Rxb7 40. Ra8+
Rb8 41. Rxb8+ Nxb8 42. b7 Kf7 43. Ba5 Ke7 44. Bc7 Na6 45. b8=Q Nxb8 46. Bxb8
Kd7 47. Na3 Kc8 48. Ba7 Kb7 49. Nb5 Bf4 50. Kf1 h5 51. g3 Be5 52. Ke2 h4 53.
gxh4 Bf4 54. Bxc5 dxc5 55. Nc3 Be5 56. Nxe4 Bd4 57. Kf3 Kc7 58. Kg4 1-0

[Event "M5 Gruppe 2 "]
[Site "Koge"]
[Date "2005.??.??"]
[Round "4"]
[White "Andersen, Niels Erik"]
[Black "Nielsen, Per"]
[Result "1-0"]
[WhiteElo "1904"]
[BlackElo "1911"]
[PlyCount "69"]
[EventDate "2005.??.??"]
[EventType "swiss"]
[EventRounds "5"]
[EventCountry "DEN"]

1. d4 Nf6 2. c4 g6 3. Nc3 d5 4. cxd5 Nxd5 5. e4 Nxc3 6. bxc3 c5 7. Be3 Bg7 8.
Bc4 Nc6 9. Ne2 O-O 10. O-O Qc7 11. Rc1 Rd8 12. Bf4 Qd7 13. Bb5 Qe6 14. Bxc6
bxc6 15. Qc2 Ba6 16. Rfe1 Bxe2 17. Rxe2 cxd4 18. cxd4 Rxd4 19. f3 Rc8 20. Be3
Rd7 21. Qa4 Rcd8 22. Rxc6 Rd1+ 23. Kf2 Qd7 24. Rc4 Qd6 25. g3 Qe6 26. Kg2 h5
27. Rc1 R1d3 28. Qxa7 g5 29. Bxg5 Rxf3 30. Qxe7 Rxg3+ 31. hxg3 Qg4 32. Qxd8+
Kh7 33. Re3 Be5 34. Rf3 Qxe4 35. Qd3 1-0

[Event "M5 Gruppe 2 "]
[Site "Koge"]
[Date "2005.??.??"]
[Round "4"]
[White "Petersen, Per"]
[Black "Ertbjerg, Per"]
[Result "0-1"]
[WhiteElo "1932"]
[BlackElo "1950"]
[PlyCount "78"]
[EventDate "2005.??.??"]
[EventType "swiss"]
[EventRounds "5"]
[EventCountry "DEN"]

1. c4 Nf6 2. Nc3 g6 3. e4 e5 4. Nf3 d6 5. g3 Bg7 6. Bg2 O-O 7. O-O Bg4 8. h3
Be6 9. d3 c5 10. Be3 Nc6 11. Qd2 Nd4 12. Ng5 Bd7 13. f4 h6 14. Nf3 Nh5 15. Kh2
exf4 16. gxf4 Nxf3+ 17. Rxf3 f5 18. Rg1 Kh7 19. Rff1 Qe7 20. Bf3 Nf6 21. Rg3
Rg8 22. Rfg1 Bf8 23. Qg2 Qf7 24. e5 dxe5 25. fxe5 Ne8 26. Bh5 gxh5 27. Rxg8 Bg7
28. Rxg7+ Nxg7 29. Nd5 Bc6 30. Bxc5 Ne6 31. Be3 f4 32. Qe4+ Kh8 33. Rf1 Rf8 34.
b4 a6 35. Bc5 Rg8 36. Qf3 Rg3 37. Qf2 Qf5 38. Nxf4 Rf3 39. Qh4 Rxf1 0-1

[Event "M5 Gruppe 2 "]
[Site "Koge"]
[Date "2005.??.??"]
[Round "4"]
[White "Moller, Henning"]
[Black "Sorensen, Torben Kyhl"]
[Result "1/2-1/2"]
[WhiteElo "1922"]
[BlackElo "1902"]
[PlyCount "50"]
[EventDate "2005.??.??"]
[EventType "swiss"]
[EventRounds "5"]
[EventCountry "DEN"]

1. d4 Nf6 2. c4 g6 3. Nc3 d5 4. Bf4 Bg7 5. e3 O-O 6. Rc1 c6 7. Nf3 Qa5 8. Qd2
Bg4 9. Ne5 Bf5 10. Bd3 Bxd3 11. Qxd3 Nfd7 12. Nxd7 Nxd7 13. cxd5 cxd5 14. Qb5
Qxb5 15. Nxb5 e5 16. dxe5 Nxe5 17. Bxe5 Bxe5 18. Nd4 Bxd4 19. exd4 Rfe8+ 20.
Kd2 Re4 21. Kd3 Rae8 22. Rc2 R8e6 23. Rd1 Rb6 24. f3 Re7 25. Rdd2 Kf8 1/2-1/2

[Event "M5 Gruppe 2 "]
[Site "Koge"]
[Date "2005.??.??"]
[Round "4"]
[White "Risager, Jakob Koba"]
[Black "Olesen, Michael Jacob"]
[Result "1/2-1/2"]
[WhiteElo "1939"]
[BlackElo "1938"]
[PlyCount "38"]
[EventDate "2005.??.??"]
[EventType "swiss"]
[EventRounds "5"]
[EventCountry "DEN"]

1. e4 c5 2. Nf3 e6 3. d4 cxd4 4. Nxd4 Nf6 5. Nc3 Nc6 6. Ndb5 Bb4 7. a3 Bxc3+ 8.
Nxc3 O-O 9. Be2 d5 10. exd5 Nxd5 11. Nxd5 Qxd5 12. Qxd5 exd5 13. O-O Bf5 14. c3
d4 15. cxd4 Nxd4 16. Bc4 Rac8 17. Bd5 b6 18. Bg5 h6 19. Bh4 g5 1/2-1/2

[Event "M5 Gruppe 2 "]
[Site "Koge"]
[Date "2005.??.??"]
[Round "5"]
[White "Moller, Henning"]
[Black "Olesen, Michael Jacob"]
[Result "1-0"]
[WhiteElo "1922"]
[BlackElo "1938"]
[PlyCount "117"]
[EventDate "2005.??.??"]
[EventType "swiss"]
[EventRounds "5"]
[EventCountry "DEN"]

1. Nf3 Nf6 2. b3 g6 3. Bb2 Bg7 4. e3 O-O 5. Be2 d5 6. O-O c5 7. d3 Nc6 8. Nbd2
Qc7 9. a4 b6 10. Re1 Bb7 11. Bf1 e5 12. e4 d4 13. Nc4 Nd7 14. g3 f5 15. Ng5
Rae8 16. exf5 gxf5 17. Bg2 Nf6 18. Bc1 h6 19. Nf3 Nd5 20. Bd2 Ncb4 21. Nh4 e4
22. Ng6 Rf6 23. Nf4 Nxf4 24. Bxf4 Qe7 25. Qd2 Re6 26. Rab1 a6 27. Bh3 Rf8 28.
Bg2 b5 29. Nb2 e3 30. Qe2 Bxg2 31. Kxg2 Re8 32. f3 Rg6 33. axb5 axb5 34. Ra1
Be5 35. Bxe5 Qxe5 36. Kh1 Qd5 37. Rac1 Kh8 38. Qg2 f4 39. g4 Reg8 40. Re2 h5
41. h3 Kh7 42. Rf1 Na2 43. Nd1 c4 44. bxc4 bxc4 45. dxc4 Qxc4 46. Nb2 Qc7 47.
Nd3 Nc3 48. Ree1 Rc6 49. Ra1 Nd5 50. Ne1 Nb4 51. Qe2 Qd6 52. Ra7+ Kh6 53. Qb5
hxg4 54. hxg4 Qc5 55. Qb7 Kg5 56. Kg2 Nxc2 57. Nd3 Qc3 58. Qe7+ Rf6 59. Qe5+
1-0

[Event "M5 Gruppe 2 "]
[Site "Koge"]
[Date "2005.??.??"]
[Round "5"]
[White "Ertbjerg, Per"]
[Black "Hansen, Morten Lyck"]
[Result "0-1"]
[WhiteElo "1950"]
[BlackElo "1923"]
[PlyCount "124"]
[EventDate "2005.??.??"]
[EventType "swiss"]
[EventRounds "5"]
[EventCountry "DEN"]

1. d4 Nf6 2. c4 g6 3. Nc3 d5 4. cxd5 Nxd5 5. e4 Nxc3 6. bxc3 Bg7 7. Bb5+ c6 8.
Ba4 O-O 9. Ne2 c5 10. O-O cxd4 11. cxd4 Bd7 12. Be3 Bxa4 13. Qxa4 Qd7 14. Qxd7
Nxd7 15. Rac1 Rac8 16. d5 a6 17. Rfd1 Ne5 18. Bg5 f6 19. Bf4 Nc4 20. Nd4 b5 21.
Ne6 Rf7 22. f3 h6 23. Bg3 h5 24. h4 Bh6 25. f4 Kh8 26. Bf2 Kg8 27. Rc3 Rh7 28.
Rg3 Kf7 29. Bd4 Nd6 30. e5 Nf5 31. Ra3 Nxh4 32. Rxa6 fxe5 33. fxe5 Nf5 34. Rf1
Rhh8 35. Ra7 Rhe8 36. Bc5 Rxc5 37. Nxc5 Be3+ 38. Kh2 Bxc5 39. Rb7 b4 40. Rb5
Bd4 41. e6+ Kf6 42. Rxb4 Ke5 43. Rb5 Ra8 44. Re1+ Ne3 45. Re2 Kd6 46. Rb7 Nf1+
47. Kh3 Ra3+ 48. Rb3 Rxb3+ 49. axb3 Kxd5 50. g4 hxg4+ 51. Kxg4 Ne3+ 52. Kg5
Kxe6 53. Kxg6 Kd5 54. Kg5 Ke4 55. b4 Kd3 56. Ra2 e5 57. b5 Nc4 58. Ra8 e4 59.
Re8 e3 60. Kf4 Be5+ 61. Kf3 e2 62. Kf2 Kd2 0-1

[Event "M5 Gruppe 2 "]
[Site "Koge"]
[Date "2005.??.??"]
[Round "5"]
[White "Petersen, Per"]
[Black "Risager, Jakob Koba"]
[Result "1-0"]
[WhiteElo "1932"]
[BlackElo "1939"]
[PlyCount "99"]
[EventDate "2005.??.??"]
[EventType "swiss"]
[EventRounds "5"]
[EventCountry "DEN"]

1. c4 e5 2. Nc3 Nf6 3. Nf3 Nc6 4. g3 d5 5. cxd5 Nxd5 6. Bg2 Nxc3 7. bxc3 f6 8.
Qb3 Bc5 9. O-O Bb6 10. Ba3 Qd7 11. d3 Qf7 12. Qxf7+ Kxf7 13. Nd2 Be6 14. Bxc6
bxc6 15. Nb3 Rhd8 16. c4 a5 17. Rfc1 a4 18. Nc5 Bg4 19. Kf1 Bh3+ 20. Ke1 Ba5+
21. Kd1 Bb6 22. Rab1 Ra7 23. Kc2 Rb8 24. f3 Bf5 25. g4 Bc8 26. Rb2 Ra5 27. Ne4
Rb7 28. Rcb1 Raa7 29. Rxb6 Rxb6 30. Rxb6 cxb6 31. Nd6+ Kg6 32. Nxc8 Rb7 33. Nd6
Rb8 34. Ne4 h5 35. h3 hxg4 36. hxg4 b5 37. cxb5 cxb5 38. Bb4 Rb6 39. a3 Kf7 40.
Kc3 Ke6 41. Bc5 Rb8 42. Kb4 Kd5 43. Ng3 g6 44. Ne4 f5 45. gxf5 gxf5 46. Nd6 f4
47. Ba7 Rd8 48. Nxb5 Kc6 49. Kxa4 Kb7 50. Kb4 1-0

[Event "M5 Gruppe 2 "]
[Site "Koge"]
[Date "2005.??.??"]
[Round "5"]
[White "Nielsen, Per"]
[Black "Sorensen, Torben Kyhl"]
[Result "1-0"]
[WhiteElo "1911"]
[BlackElo "1902"]
[PlyCount "41"]
[EventDate "2005.??.??"]
[EventType "swiss"]
[EventRounds "5"]
[EventCountry "DEN"]

1. d4 Nf6 2. c4 g6 3. Nc3 d5 4. cxd5 Nxd5 5. e4 Nxc3 6. bxc3 Bg7 7. Bc4 c5 8.
Ne2 Qa5 9. O-O Nc6 10. Be3 O-O 11. h3 cxd4 12. cxd4 b5 13. Bb3 Rd8 14. Rc1 Bb7
15. d5 e5 16. Bd2 Qa6 17. dxc6 Bxc6 18. Nc3 Qb7 19. Nd5 a5 20. Rxc6 a4 21. Bc2
1-0

[Event "M5 Gruppe 2 "]
[Site "Koge"]
[Date "2005.??.??"]
[Round "5"]
[White "Jacobsen, Hans Endrup"]
[Black "Andersen, Niels Erik"]
[Result "1-0"]
[WhiteElo "1905"]
[BlackElo "1904"]
[PlyCount "29"]
[EventDate "2005.??.??"]
[EventType "swiss"]
[EventRounds "5"]
[EventCountry "DEN"]

1. e4 c5 2. Nf3 d6 3. d4 cxd4 4. Nxd4 Nf6 5. Nc3 a6 6. Bg5 e6 7. Qd2 Be7 8.
O-O-O O-O 9. f4 Nbd7 10. Be2 b5 11. Nc6 Qe8 12. Nxe7+ Qxe7 13. Qxd6 Qxd6 14.
Rxd6 Bb7 15. e5 1-0